书目信息 |
| 题名: |
起源·功能·象征:建水古城历史记忆
|
|
| 作者: | 蒋高宸 著 | |
| 分册: | ||
| 出版信息: | 北京 科学出版社 2001.2 |
|
| 页数: | 250页 | |
| 开本: | 26cm | |
| 丛书名: | ||
| 单 册: | ||
| 中图分类: | TU984.274 | |
| 科图分类: | ||
| 主题词: | 城市规划 | |
| 电子资源: | ||
| ISBN: | 7-03-008572-8 | |
| 000 | 00607nam0 2200193 45 | |
| 001 | 0259753540 | |
| 005 | 2002041216355278 | |
| 010 | @a7-03-008572-8@dRMB 110.00 | |
| 100 | @a20020412d2001 km y0chiy0120 ea | |
| 101 | 0 | @achi |
| 102 | @aCN@b110000 | |
| 200 | 1 | @a起源·功能·象征:建水古城历史记忆@AQi Yuan·Gong Neng·Xiang Zheng:Jian Shui Gu Cheng Li Shi Ji Yi@f蒋高宸著@FJiang Gao Chen Zhu |
| 210 | @a北京@c科学出版社@d2001.2 | |
| 215 | @a250页@d26cm | |
| 606 | 0 | @a城市规划 |
| 690 | @aTU984.274@v3 | |
| 701 | 0 | @a蒋高宸@AJiang Gao Chen@4著 |
| 801 | 0 | @aCN@bPFT@c20020412 |
| 905 | @a安徽大学@dTU984.274@eJ560 | |
| 起源·功能·象征:建水古城历史记忆/蒋高宸著.-北京:科学出版社,2001.2 |
| 250页;26cm |
| ISBN 7-03-008572-8:RMB 110.00 |
| ● |
| 相关链接 |
|
|
|
正题名:起源·功能·象征:建水古城历史记忆
索取号:TU984.274/J560
 
预约/预借
| 序号 | 登录号 | 条形码 | 馆藏地/架位号 | 状态 | 备注 |
| 1 | 357076 | 203570769 | 建筑库201/201建筑库 66排2列1层/ [索取号:TU984.274/J560] | 在馆 | |
| 2 | 357077 | 203570778 | 建筑与城市规划学院资料室/201建筑库 67排5列3层/ [索取号:TU984.274/J560] | 在馆 |